jeu vidéo par image en jeu - Statistiques

Statistiques générales
  • Ce quiz a été pris 50 fois
  • Le résultat moyen est 12 sur 24
Statistiques - réponses
Par images Réponse % Correct
fortnite battle royale
88%
god of war
88%
the last of us 2
80%
the witcher 3
80%
super mario : Odyssey
73%
red dead redemption 2
63%
expedition 33
61%
hades
54%
stray
54%
battlefront 2
51%
ghost of tsushima
51%
celeste
49%
zelda : ocarina of time
46%
hollow knight
44%
tunic
41%
outer wilds
39%
prince of persia : the lost crown
34%
sifu
34%
astro bot
29%
half life
29%
journey
24%
helldivers 2
17%
plants vs zombies garden warfare 2
17%
road 93
7%
Aucun quiz correspondant
Distribution des résultats
% des personnes avec chaque résultat
Percentile par nombre de réponses
Votre historique - résultats
Vous n’avez pas pris ce quiz